| 000 | 00637pam a2200205 a 4500 | ||
|---|---|---|---|
| 999 |
_c1944 _d1944 |
||
| 020 | _a0256140545 | ||
| 020 | _a0256190747 (annotated instructor's ed.) | ||
| 050 | 0 | 0 |
_aHD31 _bN4897 |
| 100 | 1 | _aNickels, William G. | |
| 245 | 1 | 0 |
_aUnderstanding business _cWilliam G. Nickels, James M. McHugh, Susan M. McHugh. |
| 250 | _a4th ed. | ||
| 260 |
_aChicago : _bIrwin, _c1996. |
||
| 300 |
_a1 v. (various pagings) : _bill. (some col.), col. map ; _c29 cm. |
||
| 650 | 0 | _aIndustrial management. | |
| 650 | 0 | _aBusiness. | |
| 650 | 0 |
_aBusiness _xVocational guidance. |
|
| 700 | 1 | _aMcHugh, James M. | |
| 700 | 1 | _aMcHugh, Susan M. | |
| 942 | _cBK | ||